000 00688 a2200205 4500
999 _c7618
_d7618
020 _a0797411135
050 0 0 _aDT1434SUS 1992
100 1 _aSogge, David.
245 0 0 _aSustainable peace :
_bAngola's recovery /
_ccompiled by David Sogge.
264 _aHarare:
_bSARDC,
_c1992
300 _axi, 152 p. :
_bill., map ;
500 _aincludes index
504 _aIncludes bibliographical references (p. 143-152).
650 _asustainable peace
651 0 _aAngola
651 0 _aAngola
710 2 _aSouthern African Research and Documentation Centre.
942 _2lcc
_cBK
_h1434
_iSUS
_kDT